|
|
|
|
| LEADER |
00866ncm a22002412a 4500 |
| 001 |
000236906 |
| 003 |
CZ BrMZK |
| 005 |
20100924114951.0 |
| 007 |
qu |
| 008 |
960101s1931 xr f cze d |
| 040 |
|
|
|a BOA001
|b cze
|
| 072 |
|
7 |
|a 784
|x Vokální hudba
|2 Konspekt
|9 9
|
| 100 |
1 |
|
|a Beneš, Jára,
|d 1897-1949
|7 jn19990209042
|4 cmp
|
| 245 |
1 |
0 |
|a To neznáte Hadimršku
|h [hudebnina] :
|b fox-trott ze stejnojmenného zvukového filmu /
|c Jara Beneš ; slova Vodička a Mottl
|
| 260 |
|
|
|a Praha :
|b Vlk,
|c 1931
|
| 300 |
|
|
|a 1 sv. (nestránkován)
|
| 500 |
|
|
|a Jednohlasý zpěv
|
| 700 |
1 |
|
|a Vodička, Fráňa,
|d 1894-1947
|7 jk01150243
|4 lyr
|
| 700 |
1 |
|
|a Mottl, Jaroslav,
|d 1900-1986
|7 jk01082158
|
| 910 |
|
|
|a BOA001
|b Mus1-0587.460
|
| 990 |
|
|
|a MU
|
| 991 |
|
|
|b 200912
|
| 996 |
6 |
|
|b 2619896094
|c Mus1-0587.460
|l MZK
|r Sklad / do 1 hodiny
|n 0
|w 000236906
|u 000010
|a 1
|e BOA001
|j MZK50
|s P
|